1790 1119 1212 1611 1018 1969 1344 1828 1824 1874 1799 1552 1174 1881 1109 1449 1559 1999 1655 1288 1782 1610 1412 1777 1779 1532 1685 1044 1451 1077 1574 1460 1095 1905 1067 1422 1450 1975 1471 1096 1401 1826 1713 1945 1796 1724 1549 1503 1641 1393 1601 1557 1849 1913 1283 1568 1638 1772 1265 1513 1739 1431 1419 1932 1342 1769 1141 1994 1859 1309 1916 1827 1272 1903 1314 1598 1652 1340 1963 1131 1597 1247 1226 1728 1147 1226 1914 1615 1652 1723 1933 1019 1349 1656 1631 1616 1688 1967 1103 BCNSPRNW ULIB Ver.6.0+V

เปลี่ยนเป็นภาษาไทย

Change to English
 แสดงรายละเอียดบรรณานุกรม
  กลับหน้าหลัก

Brief Record : Get Marc (ISO 2709) : E-mail record : QR code < ปิดหน้าต่าง
LEADER : 00000nam 2200000uu 4500
001    13399121468
003     ULIB
008    121120s2546||||th 000 0 tha d
020    ^a9789749161562
090    ^aรส^bศ175ก 2546
100 0  ^aศรีดาวเรือง
245 10 ^aแก้วหยดเดียว /^cศรีดาวเรือง
250    ^aพิมพ์ครั้งที่ 3
260    ^aกรุงเทพฯ :^bมูลนิธิสถาบันวิชาการ 14 ตุลา,^c2546
300    ^a209 หน้า ;^c21 ซม.
490 0  ^aหนังสือชุด''ตุลาวรรณกรรม''
500    ^aฉลองครบรอบ 30 ปี 14 ตุลา : 2516-2546 ร่วมวาระประวัติศาสตร์''''วัน 14 ตุลา ประชาธิปไตย''''
650  4 ^aเรื่องสั้นไทย
710 2  ^aมูลนิธิสถาบันวิชาการ 14 ตุลา
945    ^p0^l0^i14371
995    ^aกัณชพร
999    ^aกัณชพร
รายการนี้ยังไม่มีแท็ก
คุณยังไม่ได้ล็อกอิน คุณสามารถมีกิจกรรมร่วมกับเว็บไซต์ได้ แต่ต้องล็อกอินก่อน ::
  ล็อกอิน

รายการสื่อสารสนเทศ

ลำดับที่ ประเภท เลขเรียก/บาร์โค้ด สถานที่ สถานะ
1. นวนิยาย
นวนิยาย
รส ศ175ก 2546  
  Barcode: 14371
ห้องสมุดวิทยาเขตสวรรค์ประชารักษ์
►นวนิยาย
บนชั้น
  ขอยืม

รายการใกล้เคียง
    หัวเรื่อง [เรื่องสั้นไทย]

BibComment


ยังไม่เคยถูกคอมเมนท์

คอมเมนท์ทรัพยากรรายการนี้
  คอมเมนท์: แก้วหยดเดียว ศร..


 Copyright 2026. Bcnsprnw @Library